00277nam a2200121Ia 4500008004100000041000900041082001700050100001500067245002500082260003200107300000800139650000800147230718s9999 xx 000 0 und d aEng. a346.1bHED-T aHedgson ,C 4aThe making of Modern aPakistanbMigrow Willc1924 a306 aLaw